[Event "2025 Spring TNM: 1600-1999"]
[Site "San Francisco"]
[Date "2025.03.11"]
[Round "2.5"]
[White "Krishnan, Sreyshthaa"]
[Black "Cawthon, Jeremy David"]
[Result "0-1"]
[WhiteElo "1579"]
[BlackElo "1970"]
[PlyCount "160"]
[GameId "2154884692672762"]
[EventDate "2025.??.??"]

1. c4 c6 {[%emt 0:00:06]} 2. Nf3 {[%emt 0:00:04]} d5 {[%emt 0:00:02]} 3. e3 {[%emt 0:00:07]} Nf6 {[%emt 0:00:06]} 4. d4 {[%emt 0:00:05]} Bf5 {[%emt 0:01:04]} 5. Nc3 {[%emt 0:00:34]} Nbd7 {[%emt 0:00:40]} 6. Bd2 {[%emt 0:01:11]} h6 {[%emt 0:00:23]} 7. Rc1 {[%emt 0:03:00]} e6 {[%emt 0:00:09]} 8. Qb3 {[%emt 0:01:25]} Qb6 {[%emt 0:00:29]} 9. c5 {[%emt 0:00:26]} Qxb3 {[%emt 0:00:02]} 10. axb3 {[%emt 0:00:17]} Be7 {[%emt 0:00:17]} 11. Be2 {[%emt 0:01:19]} O-O {[%emt 0:00:23]} 12. O-O {[%emt 0:00:17]} Ne4 {[%emt 0:00:58]} 13. Nxe4 {[%emt 0:01:14]} Bxe4 {[%emt 0:03:12]} 14. b4 {[%emt 0:02:01]} a6 {[%emt 0:00:04]} 15. Bc3 {[%emt 0:01:14]} Bh7 {[%emt 0:02:13]} 16. Rfd1 {[%emt 0:03:13]} Rfe8 {[%emt 0:01:29]} 17. Nd2 {[%emt 0:01:28]} Bf6 {[%emt 0:01:09]} 18. Nb3 {[%emt 0:01:54]} Bd8 {[%emt 0:03:18]} 19. Na5 {[%emt 0:05:13]} Bxa5 {[%emt 0:00:37]} 20. bxa5 {[%emt 0:00:51]} f6 {[%emt 0:00:48]} 21. b4 {[%emt 0:02:12]} e5 {[%emt 0:00:32]} 22. Bg4 {[%emt 0:01:59]} Nf8 {[%emt 0:02:12]} 23. g3 {[%emt 0:05:31]} Re7 {[%emt 0:00:58]} 24. Kf1 {[%emt 0:02:40]} f5 {[%emt 0:01:45]} 25. Be2 {[%emt 0:01:27]} e4 {[%emt 0:00:04]} 26. Kg2 {[%emt 0:01:02]} g5 {[%emt 0:00:16]} 27. h3 {[%emt 0:01:12]} Ne6 {[%emt 0:01:24]} 28. f3 {[%emt 0:02:19]} exf3+ {[%emt 0:00:53]} 29. Bxf3 {[%emt 0:00:31]} Bg6 {[%emt 0:00:22]} 30. Rf1 {[%emt 0:02:09]} Rae8 {[%emt 0:00:42]} 31. Bd2 {[%emt 0:00:48]} Ng7 {[%emt 0:00:33]} 32. Rce1 {[%emt 0:01:18]} Re6 {[%emt 0:08:04]} 33. Kf2 {[%emt 0:08:46]} Bh5 {[%emt 0:01:08]} 34. Kg2 {[%emt 0:01:52]} Bxf3+ {[%emt 0:00:16]} 35. Rxf3 {[%emt 0:00:15]} Kh7 {[%emt 0:00:21]} 36. Ref1 {[%emt 0:01:24]} Kg6 {[%emt 0:00:10]} 37. g4 {[%emt 0:00:53]} fxg4 {[%emt 0:04:26]} 38. hxg4 {[%emt 0:01:18]} R8e7 {[%emt 0:00:12]} 39. Rf5 {[%emt 0:06:02]} Ne8 {[%emt 0:00:44]} 40. Kg3 {[%emt 0:02:50]} Re4 {[%emt 0:00:39]} 41. Rf8 {[%emt 0:02:48]} R4e6 {[%emt 0:03:56]} 42. R8f5 {[%emt 0:00:49]} Nf6 {[%emt 0:01:11]} 43. Bc1 {[%emt 0:01:58]} Ne4+ {[%emt 0:00:02]} 44. Kg2 {[%emt 0:00:15]} Rf6 {[%emt 0:00:10]} 45. Rxf6+ {[%emt 0:02:06]} Nxf6 {[%emt 0:00:02]} 46. Kg3 {[%emt 0:00:15]} Ne4+ {[%emt 0:00:03]} 47. Kg2 {[%emt 0:00:19]} Rf7 {[%emt 0:00:19]} 48. Rxf7 {[%emt 0:00:45]} Kxf7 {[%emt 0:00:03]} 49. Kf3 {[%emt 0:00:35]} Kg6 {[%emt 0:00:09]} 50. Bb2 {[%emt 0:00:56]} h5 {[%emt 0:00:18]} 51. Bc1 {[%emt 0:00:36]} hxg4+ {[%emt 0:00:24]} 52. Kxg4 {[%emt 0:00:08]} Nf6+ {[%emt 0:01:04]} 53. Kg3 {[%emt 0:01:02]} Kf5 {[%emt 0:00:17]} 54. Kf3 {[%emt 0:00:10]} Ne4 {[%emt 0:00:07]} 55. Ba3 {[%emt 0:00:35]} g4+ {[%emt 0:00:16]} 56. Kg2 {[%emt 0:00:18]} Nf6 {[%emt 0:00:52]} 57. Bc1 {[%emt 0:00:38]} Ke4 {[%emt 0:00:25]} 58. Kg3 {[%emt 0:00:13]} Kd3 {[%emt 0:00:15]} 59. Kf4 {[%emt 0:00:48]} Ke2 {[%emt 0:01:04]} 60. Kg3 {[%emt 0:00:28]} Kd1 {[%emt 0:02:11]} 61. Bb2 Kc2 {[%emt 0:00:50]} 62. Ba3 {[%emt 0:00:11]} Kd2 {[%emt 0:02:26]} 63. Kf4 {[%emt 0:00:32]} Ke2 {[%emt 0:00:09]} 64. Bc1 {[%emt 0:01:24]} Kf2 {[%emt 0:00:04]} 65. e4 {[%emt 0:00:09]} dxe4 {[%emt 0:00:19]} 66. Be3+ {[%emt 0:00:18]} Kg2 {[%emt 0:00:13]} 67. Ke5 {[%emt 0:01:16]} Nd5 {[%emt 0:01:39]} 68. Kxe4 {[%emt 0:00:14]} Nxe3 {[%emt 0:00:36]} 69. Kxe3 {[%emt 0:00:05]} g3 {[%emt 0:00:03]} 70. d5 {[%emt 0:00:08]} Kf1 {[%emt 0:00:47]} 71. dxc6 {[%emt 0:00:13]} bxc6 {[%emt 0:00:28]} 72. b5 {[%emt 0:00:10]} cxb5 {[%emt 0:00:10]} 73. c6 {[%emt 0:00:04]} g2 {[%emt 0:00:03]} 74. c7 {[%emt 0:00:04]} g1=Q+ {[%emt 0:00:07]} 75. Kf3 {[%emt 0:00:08]} Qc5 {[%emt 0:00:08]} 76. c8=N {[%emt 0:00:16]} Qxc8 {[%emt 0:00:10]} 77. Kg3 {[%emt 0:00:05]} Qf5 {[%emt 0:00:07]} 78. Kh4 {[%emt 0:00:18]} Qg6 {[%emt 0:00:05]} 79. Kh3 {[%emt 0:00:05]} Qg5 {[%emt 0:00:04]} 80. Kh2 {[%emt 0:00:05]} Qh4# {[%emt 0:00:05]} 0-1

[Event "2025 Spring TNM: 1600-1999"]
[Site "San Francisco"]
[Date "2025.03.11"]
[Round "2.14"]
[White "Huang, Immanuel"]
[Black "Finacom, Richard V"]
[Result "1-0"]
[Annotator "Winslow,Elliott"]
[WhiteElo "1554"]
[BlackElo "1884"]
[PlyCount "75"]
[GameId "2154884692676859"]
[EventDate "2025.??.??"]

1. e4 c6 2. d4 d5 3. e5 c5 4. dxc5 e6 5. Nf3 Bxc5 6. Bd3 Ne7 7. Nbd2 a6 8. Nb3 Ba7 9. O-O Ng6 10. Re1 Nc6 11. Be3 Qc7 12. Bxa7 Rxa7 13. Bxg6 hxg6 14. Nbd4 Bd7 15. Qd2 Ra8 16. Re3 Rc8 17. Rc3 Qb8 18. Re1 Nxd4 19. Nxd4 Rxc3 20. Qxc3 Qc8 21. Qxc8+ Bxc8 {[#]} 22. g3 Bd7 23. Re3 Ke7 24. Rb3 b5 25. Rc3 Rc8 26. Rxc8 Bxc8 {[#]} 27. b4 g5 28. f4 g4 29. Kf2 f5 30. Kg2 Kf7 31. Kf2 g5 32. fxg5 Kg6 33. Ke3 Kxg5 34. Ne2 Kg6 35. Kd4 Kf7 36. Kc5 Ke7 37. Kc6 Kf7 38. Kc7 {[#]} 1-0

[Event "2025 Spring TNM: 1600-1999"]
[Site "San Francisco"]
[Date "2025.03.11"]
[Round "2.15"]
[White "Schaezlein, Charlie"]
[Black "Yan, Rayna"]
[Result "0-1"]
[Annotator "Schaezlein,Charlie"]
[WhiteElo "1473"]
[BlackElo "1642"]
[PlyCount "84"]
[GameId "2154884692680956"]
[EventDate "2025.??.??"]

1. e4 c6 2. d4 d5 3. e5 c5 4. dxc5 e6 5. a3 Bxc5 6. b4 {B12: Caro-Kann: Advance Variation.} Be7 7. Nf3 {I expected Nc6 here, and broadly remembered I should then play Bd3 and Bb2 at some point, but I'am out of prep} f6 8. Bd3 $11 Nd7 9. Bb2 Nh6 10. O-O {[%eval -11,29]} (10. c4 $142 {[%eval 25,29]}) 10... O-O {[%eval 38,29]} (10... Nf7 $1 $11 {[%eval -11,29] is superior.}) 11. Re1 {[%eval -29,38]} ({White should try} 11. c4 $14 {[%eval 38,29]}) 11... fxe5 {I spent 24 minutes on this position, because I was unsure about what to do after 12...Bf6} 12. Nxe5 ({I thought this would be a bail-out option but it took me way too long to consider Rxf3 and reject this line} 12. Bxe5 Rxf3 13. Qxf3 Nxe5 14. Rxe5 Bf6 $17) {This was the position I got stuck on in my mind, but I decided I needed to make my opponent put it on the board before I spent more time on it. I thought I was fine here but I wasnt sure the best way to be fine} 12... Bf6 ({Of course not} 12... Qb6 13. Nf3 $14) 13. Nd2 {[#]} (13. Qc1 Bxe5 14. Bxe5 Nxe5 15. Rxe5 Qf6 16. Re2 (16. Qe3) (16. Qe1) (16. f4)) (13. Qh5) ({Stockfish 17:} 13. Qe2 Bxe5 14. Bxe5 Nxe5 15. Qxe5 Rxf2 16. Qd4 Rf8 17. Nd2 Nf5 18. Qe5 Qb6+ 19. Kh1 Bd7 20. c4 Qd4 21. Qe2 Qf4 22. Nf3 Rae8 $11) 13... Nxe5 14. Bxe5 Bxe5 15. Rxe5 Qf6 {[%eval 76,31]} (15... Rxf2 $15 {[%eval -35,30] stays ahead.} 16. Nb3 (16. Kxf2 Qf6+ 17. Kg1 Qxe5 $17) 16... Qf8) 16. Nf3 {[%eval -38,31]} ({White has to play} 16. Qe1 $1 $16 {[%eval 76,31]}) 16... Nf7 $1 $15 17. Re1 e5 {[#] Threatens to win with ...e4.} 18. Bf1 e4 19. Nd4 Ne5 {Against f3} 20. Qd2 Bd7 21. Ra2 {[%eval -110,25]} (21. f3 $15 {[%eval -41,25]}) 21... Rac8 22. c3 a6 {Black has more active pieces.} 23. Kh1 {[%eval -134,28]} (23. h3 $142 {[%eval -80,26]}) 23... Qf4 {[%eval -47,27] Here, I decided 24. Qxf4 Rxf4 generated too many threats (without seeing anything specific) and resolved to keep my queen on the board. whoops} (23... Rce8 $17 {[%eval -134,28] Hoping for ...Qh4.} 24. Kg1 Qg6) 24. Qd1 $2 {[%eval -487,24] This costs White the game.} (24. Qxf4 $15 {[%eval -47,27]} Rxf4 25. Rd2) 24... Ng4 $19 (24... Rxc3 $2 {too greedy.} 25. Ne2 Rd3 26. Nxf4 $18) 25. g3 Qh6 26. f3 {[#]} Ne3 $40 {[%eval -214,28] White is in trouble.} (26... exf3 {[%eval -557,23]} 27. Nxf3 Ne3 (27... Rxc3 $2 28. Qxd5+ Rf7 29. Bc4 $19)) 27. Qd2 {[%eval -421,25]} (27. Qc1 {[%eval -214,28]} Nxf1 28. Rxf1) 27... Nxf1 {[#] Discovered Attack} 28. Rxf1 {White is weak on the light squares} Qxd2 29. Rxd2 Rxc3 30. f4 Rxa3 31. Nc2 Rc3 32. Rxd5 Bb5 33. Rf2 Bc6 34. Rdd2 e3+ 35. Kg1 exd2 36. Rxd2 Rc4 37. Kf2 Ba4 38. Nd4 Rd8 39. Ke3 Rxb4 40. Nc6 Rb3+ {Black mates.} 41. Ke2 Rxd2+ 42. Kxd2 Bxc6 {Weighted Error Value: White=0.79/Black=0.29} 0-1

[Event "2025 Spring TNM: 1600-1999"]
[Site "San Francisco"]
[Date "2025.03.11"]
[Round "2.16"]
[White "Stults, Sawyer"]
[Black "Mays-Smith, Isaac S"]
[Result "0-1"]
[Annotator "Stults,Sawyer"]
[WhiteElo "1424"]
[BlackElo "1619"]
[PlyCount "82"]
[GameId "2154874143305911"]
[EventDate "2025.??.??"]

1. e4 e5 2. f4 $6 (2. Nf3 Nc6 3. Bb5 Nf6 4. O-O Nxe4 5. Re1 Nd6 6. Nxe5 Be7) 2... exf4 3. Nf3 d6 4. h4 Bg4 5. d4 Nc6 6. Bxf4 Be7 7. Bb5 a6 8. Bxc6+ bxc6 9. e5 Rb8 $6 (9... dxe5) 10. b3 $6 (10. Qd3 Bxf3 11. Qxf3 dxe5 12. dxe5 Qd5 13. Qxd5 cxd5 14. Nc3 c6 15. O-O-O Rb4) 10... h5 $6 (10... dxe5 11. dxe5) 11. Bg5 $6 (11. Qd3 Nh6 12. Nc3 Nf5 13. O-O-O O-O 14. Rde1 Nxh4 15. exd6 cxd6 16. Rxe7 Ng6) 11... f6 $6 (11... dxe5 12. dxe5) 12. Bf4 $4 (12. exf6 Nxf6 13. O-O O-O 14. Nbd2 Nd5 15. Ne4 Qd7 16. c4 Nf4 17. Qc2 Bxf3) 12... d5 $4 (12... fxe5 13. dxe5 Bxh4+ 14. g3 dxe5 15. Qxd8+ Rxd8 16. Bxe5 Be7 17. Nbd2 Nf6 18. Bxc7) 13. Qd3 f5 $4 (13... Nh6 14. O-O Nf5 15. exf6 Bxf6 16. Re1+ Ne7 17. Ng5 Qd7 18. Nc3 Bf5 19. Qd2) 14. Bg5 $6 (14. Nc3 c5 15. Qxa6 cxd4 16. Qg6+ Kf8 17. e6 Nh6 18. Ne2 Bb4+ 19. Kf2 Qf6) 14... Bxf3 15. Bxe7 Be4 16. Bxd8 Bxd3 17. Bxc7 Rb7 18. cxd3 Rxc7 19. Nc3 Rh6 20. Rc1 Kd7 21. Ne2 Rg6 22. O-O Ne7 23. Rf4 Rg4 24. Kf2 Rc8 25. Kf3 $4 (25. g3 g5 26. hxg5 Rg8 27. Ke3 R8xg5 28. Rcf1 h4 29. Rxg4 fxg4 30. gxh4 Rh5) 25... Rg8 $2 (25... Ng6 26. Rxg4 fxg4+ 27. Kg3 Rf8 28. a3 Ne7 29. Kh2 Ng6) 26. Rc5 $2 (26. g3) 26... Kc7 $6 (26... g5 27. hxg5 R8xg5 28. g3 Ng6 29. Rxg4 fxg4+ 30. Kg2 Rf5 31. Rc1 Rf3 32. Rf1) 27. Nc3 $4 (27. g3) 27... g5 28. Rxg4 fxg4+ 29. Kg3 Nf5+ 30. Kf2 g3+ 31. Kg1 $4 (31. Kf3) 31... Ne3 32. Nb1 $6 (32. Ne2 gxh4 33. Nf4 Rg4 34. Ne2 Nf5 35. Kf1 Nxd4 36. Rc1 Ne6 37. Rc3 Nf4) 32... Rf8 33. Nd2 $6 (33. Rc1 Rf2 34. e6 Rxg2+ 35. Kh1 Rh2+ 36. Kg1 Nf5 37. Na3 Nxd4 38. Rc2 Nxc2) 33... Rf2 34. Rc1 Rxg2+ 35. Kh1 Rxd2 36. hxg5 Rf2 37. g6 $4 (37. Kg1 Nf5 38. Re1 h4 39. Rf1 Rxf1+ 40. Kxf1 h3 41. g6 Kd7 42. a3 Ke7) 37... Nf5 $4 (37... Rf1+ 38. Rxf1 g2+ 39. Kh2 gxf1=Q 40. Kg3 Nf5+ 41. Kh2 Qf2+ 42. Kh1 Ng3#) 38. Re1 Kd7 39. Re3 $2 (39. Kg1 h4 40. b4 Ke7 41. b5 axb5 42. Kh1 Nxd4 43. Re3 Nf5 44. Rxg3 Nxg3+) 39... Ke6 $4 (39... Nxe3 40. e6+ Kxe6 41. a4 Rf1#) 40. g7 Rf1+ 41. Kg2 Nxe3+ 0-1

[Event "2025 Spring TNM: 1600-1999"]
[Site "San Francisco"]
[Date "2025.03.11"]
[Round "2.17"]
[White "Marvin, Hayes Alexander"]
[Black "Morello, Nicholas"]
[Result "1/2-1/2"]
[WhiteElo "1926"]
[BlackElo "1655"]
[PlyCount "85"]
[GameId "2154884692680958"]
[EventDate "2025.??.??"]

1. d4 d5 2. Bf4 Nf6 3. e3 Bf5 4. Nf3 e6 5. Bd3 Bxd3 6. Qxd3 c6 7. Nbd2 Bd6 8. Bxd6 Qxd6 9. O-O Nbd7 10. e4 dxe4 11. Nxe4 Nxe4 12. Qxe4 Nf6 13. Qd3 O-O 14. Rfe1 Rad8 15. Rad1 Qc7 16. b4 b6 17. Re5 h6 18. h3 Rd7 19. g4 Nd5 20. Qd2 Ne7 21. h4 Ng6 22. Re4 Rfd8 23. h5 Ne7 24. Ne5 Rd6 25. c4 c5 26. bxc5 bxc5 27. Qe3 Nc6 28. Nxc6 Qxc6 29. g5 Rxd4 30. Rexd4 Rxd4 31. Rxd4 cxd4 32. Qxd4 hxg5 33. c5 f6 34. a4 Kf7 35. Kh2 Qc7+ 36. Kg2 Qc6+ 37. f3 g4 38. Qxg4 Qxc5 39. Qg6+ Kf8 40. h6 gxh6 41. Qxf6+ Kg8 42. Qxe6+ Kg7 43. Qd7+ 1/2-1/2

[Event "2025 Spring TNM: 1600-1999"]
[Site "San Francisco"]
[Date "2025.03.11"]
[Round "2.18"]
[White "Horde, Nicolas T"]
[Black "Dutter, Frederic"]
[Result "0-1"]
[WhiteElo "1568"]
[BlackElo "1900"]
[PlyCount "43"]
[GameId "2154884692685055"]
[EventDate "2025.??.??"]

1. e4 Nf6 2. e5 Nd5 3. c4 Nb6 4. d4 d6 5. exd6 cxd6 6. h3 g6 7. Nf3 Bg7 8. Be2 O-O 9. O-O Nc6 10. d5 Ne5 11. Nxe5 Bxe5 12. Nc3 e6 13. Bh6 Re8 14. Rc1 exd5 15. cxd5 Bd7 16. f4 Bh8 17. Qd3 Bf5 18. Qf3 Bd4+ 19. Kh1 Re3 20. Qf2 Rxh3+ 21. gxh3 Bxf2 22. Rxf2 0-1

[Event "2025 Spring TNM: 1600-1999"]
[Site "San Francisco"]
[Date "2025.03.11"]
[Round "2.20"]
[White "Chan, John"]
[Black "Parsons, Stephen"]
[Result "0-1"]
[WhiteElo "1520"]
[BlackElo "1876"]
[PlyCount "108"]
[GameId "2154884692693249"]
[EventDate "2025.??.??"]

1. c4 Nf6 2. Nc3 e6 3. a3 b6 4. e3 Bb7 5. Nf3 Be7 6. Be2 O-O 7. O-O d5 8. d4 Nbd7 9. b4 a5 10. b5 dxc4 11. Bxc4 Ne4 12. Nxe4 Bxe4 13. Nd2 Bb7 14. Bb2 Nf6 15. f3 Qd7 16. Qe2 Rad8 17. Rfd1 Nd5 18. Bxd5 {[#]} exd5 19. f4 Rfe8 20. Qd3 Qg4 21. Nf3 Bd6 22. Rf1 f6 23. Kh1 Re7 24. Ng1 Rde8 25. Rf3 Bc8 26. a4 Bf5 27. Qb3 Be4 28. Rg3 Qf5 29. Ba3 Bxa3 30. Qxa3 Bd3 31. Re1 Bc4 32. Qc3 Qd7 33. Qa3 c6 34. bxc6 Qxc6 35. Nf3 Qc7 36. Nd2 Ba6 37. Rc1 Qb8 38. Rc6 {[#]} Qxf4 39. Rf3 Rxe3 40. Rxf4 Rxa3 41. h3 Rxa4 42. Rxb6 Bd3 43. Rd6 Be4 44. Nb3 Ra3 45. Nc5 Rxh3+ 46. Kg1 Ra3 47. Rg4 Ra2 48. Ne6 {[#]} Rxe6 49. Rxe6 Bf5 50. Rxf6 Bxg4 51. Rf4 h5 52. Kh2 a4 53. Kg3 a3 54. Rf1 Rd2 0-1

[Event "2025 Spring TNM: 1600-1999"]
[Site "San Francisco"]
[Date "2025.03.11"]
[Round "2.21"]
[White "Boyer, John"]
[Black "Admassu, Yonathan"]
[Result "1-0"]
[Annotator "Winslow,Elliott"]
[WhiteElo "1598"]
[BlackElo "1721"]
[PlyCount "85"]
[GameId "2154884692693250"]
[EventDate "2025.??.??"]

1. e4 e5 2. Nf3 Nc6 3. Nc3 Nf6 4. Nd5 Nxe4 5. d4 d6 6. Bc4 Ne7 7. dxe5 c6 8. exd6 cxd5 (8... Nxd5 $19) 9. dxe7 Bxe7 10. Bb5+ Bd7 11. Bxd7+ Qxd7 12. Be3 Bc5 13. Nd4 O-O 14. O-O Rfd8 15. Qd3 Bb6 16. a4 Nc5 17. Qb5 Ne6 18. Nxe6 fxe6 19. Qxd7 Rxd7 20. Bxb6 axb6 21. Rfe1 Kf7 22. Re3 b5 23. a5 b6 24. a6 Rda7 25. Rea3 e5 26. Kf1 Ke6 27. Ke2 Kd6 28. b4 Rc8 29. Kd2 Rc4 30. Rb1 g5 31. f3 g4 32. Rbb3 gxf3 33. Rxf3 Rxb4 34. Rf6+ Kc5 35. Rc3+ Rc4 36. Re3 e4 37. Rh3 Rxa6 38. Rxh7 Kd4 39. Kc1 Ra2 40. Rxb6 Rcxc2+ 41. Kb1 Rab2+ 42. Ka1 Rxg2 43. Rhb7 {Black lost on time -- in a won position! (in fact, Stockfish already finds mate (in 19)).} (43. Rhb7 Rbf2 44. Rxb5 Rg1+ 45. Rb1 Rxb1+ 46. Kxb1 (46. Rxb1 e3) 46... e3 47. Kc1 Rf1+ 48. Kc2 e2) 1-0

[Event "2025 Spring TNM: 1600-1999"]
[Site "San Francisco"]
[Date "2025.03.11"]
[Round "2.22"]
[White "Babayan, Gagik"]
[Black "Tam, Hoa Long"]
[Result "1-0"]
[Annotator "Winslow,Elliott"]
[WhiteElo "1711"]
[BlackElo "1589"]
[PlyCount "95"]
[GameId "2154884692693251"]
[EventDate "2025.??.??"]

1. e4 c6 2. d4 d5 3. Nc3 dxe4 4. Nxe4 Nf6 5. Nxf6+ exf6 6. Bc4 Bd6 7. Nf3 O-O 8. O-O Bg4 9. h3 Bh5 10. g4 Bg6 11. Nh4 Nd7 12. Nxg6 hxg6 13. c3 Re8 14. Qb3 Qe7 15. Qc2 Nf8 16. Bd2 Qc7 17. b4 b5 18. Bd3 Ne6 19. Rfe1 Bf4 20. Bf1 Bd6 21. Bg2 Re7 22. a4 Rae8 23. axb5 cxb5 24. Qd3 Qb6 25. Kf1 a6 26. Qf3 {[#]} Bxb4 27. cxb4 Qxd4 28. Qc3 Qd6 29. Rad1 Rc7 30. Qb2 Qd3+ 31. Kg1 Rc2 32. Qb1 Rec8 33. Be3 Qc4 34. Rc1 Qd3 35. Rxc2 Rxc2 36. Rc1 Rxc1+ 37. Qxc1 f5 38. Qd2 Qc4 39. Bd5 Qc7 40. Bxe6 fxe6 41. f4 Kf7 42. g5 Qc6 43. Bc5 e5 44. Qa2+ Ke8 45. Qg8+ Kd7 46. Qxg7+ Kc8 47. Qxe5 Qd7 48. Qd6 1-0

[Event "2025 Spring TNM: 1600-1999"]
[Site "San Francisco"]
[Date "2025.03.11"]
[Round "2.23"]
[White "Casares, Nick"]
[Black "Harris, Clarence"]
[Result "1-0"]
[WhiteElo "1600"]
[BlackElo "1400"]
[PlyCount "87"]
[GameId "2154884692697348"]
[EventDate "2025.??.??"]

1. e4 e5 2. Nf3 Nc6 3. Bc4 Nf6 4. Ng5 d5 5. exd5 Na5 6. Bb5+ c6 7. dxc6 bxc6 8. Be2 (8. Qf3) (8. Bd3) 8... h6 9. Nf3 Bd6 (9... e4) 10. d4 e4 11. Ne5 Bxe5 12. dxe5 Qxd1+ 13. Bxd1 Nd5 14. b3 O-O 15. O-O Re8 16. Bb2 Bf5 17. c4 Nf4 18. Bc2 Rad8 19. Re1 Re6 20. Na3 Rg6 21. Bxe4 Bxe4 22. Rxe4 Rxg2+ 23. Kf1 Rg4 24. Bc3 Nb7 25. b4 Rd3 26. Rc1 Rh3 27. e6 fxe6 28. Be5 Rxh2 29. Bxf4 Rh1+ 30. Ke2 Rxc1 31. Kf3 Rcg1 32. Rxe6 Rh4 33. Rxc6 Rd1 34. Be3 Nd6 35. Ke2 Ra1 36. Rxd6 Rxa2+ 37. Kd3 Rxa3+ 38. Kc2 Rxc4+ 39. Kb2 Rac3 40. Ra6 Rc2+ 41. Kb3 R4c3+ 42. Ka4 Ra2+ 43. Kb5 Rc7 44. Rxa2 1-0

[Event "2025 Spring TNM: 1600-1999"]
[Site "San Francisco"]
[Date "2025.03.11"]
[Round "2.24"]
[White "Abraham, Michael David"]
[Black "Touset, Stephen"]
[Result "1-0"]
[Annotator "Abraham,Michael"]
[WhiteElo "1558"]
[BlackElo "1600"]
[PlyCount "81"]
[GameId "2154868427497586"]
[EventDate "2025.??.??"]

1. d4 Nf6 2. c4 c5 3. d5 b5 4. cxb5 a6 5. bxa6 Bxa6 6. Nc3 g6 7. e4 Bxf1 8. Kxf1 d6 9. g3 Bg7 10. Kg2 O-O 11. Nge2 Nbd7 12. Qc2 Qa5 13. a4 Rfb8 14. Ra3 Ng4 15. b3 Qb4 16. Na2 Qb6 17. Nec3 e6 18. Nb5 exd5 19. exd5 Re8 20. Nac3 Bd4 21. Nd1 Ndf6 22. h3 Ne5 23. Ndc3 {We were both pleased to have played a somewhat accurate Benko Gambit for two dozen moves. Having not played a slow rated game for approximately six years we were both being cautious while trying to steer the game toward our own playing styles.} Bxc3 24. Nxc3 c4 {[#]} 25. f4 $2 Nd3 $1 $19 26. Qd2 Nxc1 (26... Ne4 $1) 27. Rxc1 Qb4 28. Qa2 Re3 29. bxc4 Rae8 30. Rc2 Nh5 31. Nb5 Qe1 $1 $19 32. Rf2 {[#]} Rxg3+ $4 (32... Re2 $1 $19) (32... Rxa3 33. Qxa3 Re3 $19) (32... Nxf4+ 33. gxf4 Re2 $19) 33. Rxg3 $18 Nxg3 34. Kxg3 $4 (34. Qd2 $1) 34... Qg1+ $1 $19 35. Rg2 (35. Kf3 Qh1+ 36. Rg2 Qxh3+ 37. Rg3 Qh5+ 38. Rg4 (38. Kg2 Re2+) (38. Kf2 Qh2+ 39. Rg2 Qxf4+ 40. Kg1 Re1#) 38... f5 $19) 35... Qe3+ $6 ({We were both oblivious to the forced checkmate starting with} 35... Re3+ $1 {because we thought the attack fizzled after} 36. Kh4 Qh1 (36... Qd1 $19) 37. Rh2 {. Neither of us saw} Qf3 {. We were exhausted.}) 36. Kh2 Qxf4+ 37. Kh1 Qf1+ $2 {Exhaustion is also to blame for the remaining blunders. Stephen was unlucky enough to make the last mistake.} (37... Re3 $1 $19) 38. Kh2 $2 (38. Rg1 Qxh3+ 39. Qh2 $11) 38... Re1 $4 (38... Qf4+ 39. Kh1 Re3 $19) 39. Qf2 $1 $18 Qh1+ 40. Kg3 Rf1 41. Rh2 1-0

[Event "2025 Spring TNM: u1600"]
[Site "San Francisco"]
[Date "2025.03.11"]
[Round "2.6"]
[White "Karwat, Joseph"]
[Black "Bayaraa, Bilguun"]
[Result "1-0"]
[WhiteElo "1315"]
[BlackElo "1503"]
[PlyCount "69"]
[GameId "2154884692697350"]
[EventDate "2025.??.??"]

1. e4 {[%emt 0:00:03]} c5 {[%emt 0:00:07]} 2. c3 {[%emt 0:00:08]} d5 {[%emt 0:00:06]} 3. e5 {[%emt 0:00:32]} Nc6 {[%emt 0:00:35]} 4. d4 {[%emt 0:02:07]} e6 {[%emt 0:01:03]} 5. Nf3 {[%emt 0:01:04]} b6 {[%emt 0:03:56]} 6. Bd3 {[%emt 0:03:59]} Bb7 {[%emt 0:03:08]} 7. O-O {[%emt 0:01:03]} Nge7 {[%emt 0:02:30]} 8. Be3 {[%emt 0:05:05]} Ng6 {[%emt 0:01:58]} 9. a3 {[%emt 0:10:49]} Rc8 {[%emt 0:04:14]} 10. Nbd2 {[%emt 0:04:36]} Be7 {[%emt 0:03:33]} 11. Rc1 {[%emt 0:03:45]} f5 {[%emt 0:09:06]} 12. exf6 {[%emt 0:03:00]} gxf6 {[%emt 0:01:52]} 13. b4 {[%emt 0:06:13]} c4 {[%emt 0:01:38]} 14. Bc2 {[%emt 0:02:48]} Kd7 {[%emt 0:06:46]} 15. b5 {[%emt 0:02:19]} Na5 {[%emt 0:03:49]} 16. a4 {[%emt 0:00:19]} Qf8 {[%emt 0:01:46]} 17. Qe2 {[%emt 0:01:29]} Re8 {[%emt 0:05:56]} 18. Rfe1 {[%emt 0:03:48]} Bd6 {[%emt 0:01:06]} 19. Nf1 {[%emt 0:02:17]} Qg7 {[%emt 0:05:33]} 20. Ng3 {[%emt 0:03:53]} Rhg8 {[%emt 0:08:21]} 21. Nh5 {[%emt 0:04:54]} Qf8 {[%emt 0:04:34]} 22. Rb1 {[%emt 0:05:47]} f5 {[%emt 0:05:00]} 23. Bh6 {[%emt 0:01:38]} Qf7 {[%emt 0:07:38]} 24. Bg5 {[%emt 0:02:13]} Be7 {[%emt 0:01:46]} 25. h4 {[%emt 0:05:50]} Bc8 {[%emt 0:05:29]} 26. Nf4 {[%emt 0:06:17]} Bxg5 {[%emt 0:03:42]} 27. Nxg6 {[%emt 0:01:00]} Qg7 {[%emt 0:09:17]} 28. Nge5+ {[%emt 0:00:47]} Kc7 {[%emt 0:01:00]} 29. hxg5 {[%emt 0:00:34]} h6 {[%emt 0:00:31]} 30. g6 {[%emt 0:00:34]} Nb7 {[%emt 0:00:28]} 31. g3 {[%emt 0:02:35]} Nd6 {[%emt 0:00:26]} 32. Kg2 {[%emt 0:00:30]} Ne4 {[%emt 0:00:30]} 33. Bxe4 {[%emt 0:01:13]} dxe4 {[%emt 0:00:11]} 34. Qxc4+ {[%emt 0:01:26]} Kb7 {[%emt 0:00:12]} 35. Nh4 {[%emt 0:02:00]} 1-0

[Event "2025 Spring TNM: u1600"]
[Site "San Francisco"]
[Date "2025.03.11"]
[Round "2.25"]
[White "Zhao, Brandon"]
[Black "Barreyro, Romeo Belmes"]
[Result "0-1"]
[Annotator "Winslow,Elliott"]
[WhiteElo "1280"]
[BlackElo "1500"]
[PlyCount "60"]
[GameId "2154884692705543"]
[EventDate "2025.??.??"]

1. e4 d6 2. Nc3 Nf6 3. d4 Nc6 4. Bb5 Bd7 5. Nf3 a6 6. Ba4 b5 7. Bb3 b4 8. e5 bxc3 9. exf6 cxb2 10. fxg7 Bxg7 $1 (10... bxa1=Q $2 11. gxh8=Q $18 {[#]}) 11. Bxb2 e6 12. Qd2 d5 13. c4 Ne7 14. Qe2 c6 15. O-O dxc4 16. Bxc4 Nd5 17. Rfe1 Bf6 18. Ne5 Rg8 19. Qh5 {[#]} Rxg2+ 20. Kf1 Rg7 21. Bxd5 cxd5 22. Nxd7 Qxd7 23. Rxe6+ Kf8 24. Rxf6 {[#]} Re8 $4 (24... Qb5+ $19) 25. Ba3+ $4 (25. Rb6 $18) (25. a4 $1 $18) 25... Kg8 $19 26. f4 $2 Qb5+ 27. Kf2 Qd3 28. Re1 Qxd4+ 29. Kf3 Rxe1 30. Re6 $5 Rxe6 0-1